20. Gesamtbericht über die Tätigkeit der Europäischen Gemeinschaften 1986

Guardado en:
Detalles Bibliográficos
Formato: Libro
Lenguaje:alemán
Publicado: Brüssel Kommission der Europäischen Gemeinschaften 1987
Edición:1. Aufl.
Etiquetas: Agregar Etiqueta
Sin Etiquetas, Sea el primero en etiquetar este registro!

MARC

LEADER 00000nam a2200000 4500
001 c038977
005 20221219110717.7
041 0 |a ger 
044 |a BE 
245 1 0 |a 20. Gesamtbericht über die Tätigkeit der Europäischen Gemeinschaften 1986 
250 |a 1. Aufl. 
264 1 |a Brüssel  |b Kommission der Europäischen Gemeinschaften  |c 1987 
300 |a 446 s.